000 00604cam a2200193 4500
008 000000n2000 000 0 eng u
035 _a(Sirsi) u106077
245 _aNew Storeys
260 _c2000
490 _aObserver
_v Cash 21 May 2000 6(1)
520 _aDevelopers are adding more floors to the top of existing buildings. Considers the potential, planning issues and the effect on existing residents.
590 _aWB
650 _aREDEVELOPMENT
650 _aEXTENSIONS
650 _aLOFT CONVERSION
650 _aFLATS
690 _aBUILT ENVIRONMENT-CONSTRUCTION DESIGN
942 _n0
999 _c63545
_d63545